LDR 01082nam a2200229 i 4500 001 000000120181 003 CaOOAMICUS 005 20031113000000.0 008 031113s1995 it u000 u ita u 013 $a92875 040 $aSeMil$bita 100 1 $aCorti, Renato,$c
.$0(OLS)http://semarc/name/16279 245 13$aIl grande segno :$blettera pastorale sulla testimonianza della carità , per l'Anno Pastorale 1995/96 /$cRenato Corti. 260 $aNovara :$b[s.n.],$c1995$e(Novara :$fGrafica Tagliabue,$g1995) 300 $a125 p. ;$c22 cm. 500 $aFondo : Mons. Giuseppe Molinari. 650 4$aVescovi novaresi - Lettere pastorali.$0(OLS)http://semarc/subject/9619 850 $aSeMil 852 $aSeMil$W1$xVenegono$y1$m598 231 1995-96 *$j75382$B75382$CSeMilBibl$Z2$F76980 $81 961 $aLascito: Molinari don Giuseppe 996 $6245$aIl grande segno :$blettera pastorale sulla testimonianza della carità , per l'Anno Pastorale 1995/96$9(OLS)http://semarc/title/176819 996 $6260$aNovara :$b[s.n.]$9(OLS)http://semarc/publisher/30468